Guidebook for strategic investor, exporter and importer in Prešov region

Bibliographic Details
Other Authors: Modrák, Vladimír (Editor), Sabol, Stanislav, 1952- (Editor), Brendzová, Danica (Translator)
Format: Book
Language:English
Slovak
PhysicalDescription:111 strán, 10 nečíslovaných strán obrazových príloh ilustrácie 21 cm
Published: Prešov Slovak Chamber of Commerce and Industry 1999
ISBN:8085588846
Edition:[1st ed.]
Subjects:

MARC

LEADER 00000cam a2200000 a 4500
001 vtls001481042
003 SK-MaSNL
005 20260301104515.0
008 240226s1999 xo a grfn 000 0 eng
015 |a SNBA1999 
020 |a 8085588846  |q (brožované) 
035 |a SNK000436340 
035 |a urn:nbn:sk:snk-am3iy1s 
035 |a 7059D2F1-1460-45C5-BF9D-60FD81574FE9 
035 |a urn:nbn:sk:snk-am00g6a6 
040 |a SNK  |b slo  |c SNK  |e AACR2 
041 1 |a eng  |h slo 
043 |a e-xo--- 
044 |a xo  |c SK 
072 7 |a 005  |x Manažment. Riadenie  |2 konspekt 
072 7 |a 334  |x Formy organizácie a spolupráce v ekonomike  |2 konspekt 
080 |a 334.72  |2 2011 
080 |a 005.21  |2 2011 
080 |a 339.564  |2 2011 
080 |a (437.6)  |2 2011 
080 |a (036)  |2 2011 
080 |a 339.562  |2 2011 
080 |a 334.711  |2 2011 
245 0 0 |a Guidebook for strategic investor, exporter and importer in Prešov region  |c [editors: Vladimír Modrák, Stanislav Sabol ; translated by: Danica Brendzová] 
250 |a [1st ed.] 
260 |a Prešov  |b Slovak Chamber of Commerce and Industry  |c 1999 
300 |a 111 strán, 10 nečíslovaných strán obrazových príloh  |b ilustrácie  |c 21 cm 
500 |a Pravdepodobne preložené zo slovenčiny 
504 |a Bibliografia na strane 111 
650 0 7 |a firmy  |2 SNKPH  |9 2190 
650 0 7 |a obchodné podniky  |2 SNKPH  |9 49802 
650 0 7 |a vývoz  |2 SNKPH  |9 1067 
650 0 7 |a dovoz  |2 SNKPH  |9 856 
650 0 7 |a strategický manažment  |2 SNKPH  |9 3637 
651 7 |a Prešovský samosprávny kraj (Slovensko)  |2 SNKPHgeo  |9 23301 
655 7 |a informačné publikácie  |2 SNKPH  |9 70181 
700 1 |a Modrák, Vladimír  |4 edt  |9 8036 
700 1 |a Sabol, Stanislav,  |d 1952-  |4 edt  |9 182018 
700 1 |a Brendzová, Danica  |4 trl  |9 443354 
919 |a 80-85588-84-6 
958 |a OP 
958 |a NB 
958 |a OND 
968 |a Eng  |b SLO 
999 |c 698306  |d 700236 
952 |t P60, <03>, [BOOK], {603}, -K-  |a SNK  |b SNK  |y PREZ  |7 0  |p 17A0441987  |o snkSC 117242  |i snkD 961/2004  |8 1  |0 0  |1 0  |4 0  |d 2004-09-02  |f 1  |l 0  |r 2025-10-16 00:00:00  |w 2026-02-23 
952 |t P60, <04>, [BOOK], {604}  |a SNK  |b SNK  |y VYP  |7 0  |p 17A0441988  |o snkSC 117242 D1  |i snkD 962/2004  |0 0  |1 0  |4 0  |d 2004-09-02  |l 0  |r 2005-01-02 00:00:00  |w 2026-02-23